Los dibujos del Taller de Augusto H. Alvarez /

La presente publicación está basada en la exposición itinerante Los dibujos del Taller de Augusto H. Alvarez, inaugurada el 12 de agosto de 2010 en la Facultad de Arquitectura de la UNAM.

I tiakina i:
Ngā taipitopito rārangi puna kōrero
Kaituhi matua: Alvarez, Augusto H. (arquitecto)
Kaituhi rangatōpū: UNAM. Facultad de Arquitectura
Ētahi atu kaituhi: Cruz González Franco, Lourdes (curaduría y texto) (curaduría y texto), Aguilera González, Alejandro (curaduría y texto) (curaduría y texto), Ayllón Ortiz, José Alejandro (edición) (edición), Aguilar-Dubose, Carolyn (presentación) (presentación), Mazari Hiriart, Marcos (presentación) (presentación), Alvarez Fuentes, Augusto F. (prólogo) (prólogo)
Hōputu: Pukapuka
Reo:Pāniora
I whakaputaina: México : Universidad Iberoamericana, Plantel Santa Fe : UNAM, Facultad de Arquitectura, 2013, c2013
Ngā marau:
Ngā Tūtohu: Tāpirihia he Tūtohu
Kāore He Tūtohu, Me noho koe te mea tuatahi ki te tūtohu i tēnei pūkete!

MARC

LEADER 00000nam^a2200000^a^4500
001 000341358
005 20250526000000.0
009 20260310114522.023
020 |a 978-607-417-258-4 
037 |a Acervo ITESO - Biblioteca 
041 |a ESP 
082 |a 720. 972  |b ALV CRU 
100 |a Alvarez, Augusto H.  |e (arquitecto) 
245 1 4 |a Los dibujos del Taller de Augusto H. Alvarez /  |c A.H. Alvarez ; curaduría y texto de L. Cruz González Franco, A. Aguilera González ; ed. y coord. editorial de J.A. Ayllón Ortiz ; presen. de C. Aguilar-Dubose, M. Mazari ; pról. de A.F. Alvarez Fuentes ; tr. por Catherine Ettinger McEnulty. 
264 4 |a México :  |b Universidad Iberoamericana, Plantel Santa Fe :  |b UNAM, Facultad de Arquitectura,  |c 2013, c2013 
300 |a 141 p. ;  |c 23.5 cm. 
336 |a texto  |b txt  |2 rdacontenido 
337 |a sin mediación  |b n  |2 rdamedio 
338 |a volumen  |b nc  |2 rdasoporte 
520 |a La presente publicación está basada en la exposición itinerante Los dibujos del Taller de Augusto H. Alvarez, inaugurada el 12 de agosto de 2010 en la Facultad de Arquitectura de la UNAM. 
545 0 |a Nacido en Mérida en 1914 y muerto en la Ciudad de México en 1995, el yucateco Augusto Harold Alvarez García estudió en la Escuela Nacional de Arquitectura (1933-1935) y desarrolló durante más de medio siglo de actividad profesional (1941-1994) una obra arquitectónica que ha sido calificada como radicalmente moderna e internacionalista. Para él, la modernidad no fue un estilo, fue una pasión, una forma de vida y un compromiso permanente. Augusto H. Alvarez surgió en medio de un racionalismo fundamentado en el mito de una sociedad científica y ordenada que admiraba la máquina y la tecnología. Por lo tanto, la arquitectura era entendida esencialmente como un lugar físico, matemático, racional y funcional, basado en el plano y en la percepción plástica, visual y abstracta del espacio. El Aeropuerto Internacional Benito Juárez (1950-1952), la Torre Latinoamericana (1950-1952), el edificio de Seguros La Libertad (1958-1959, primer premio en la Bienal de Sao Paulo, Brasil), o el Centro Operativo Bancomer (1974-1976) son sólo algunos de los más conocidos espacios de la ciudad de México resultantes del trabajo de Alvarez García. Mantuvo una estrecha relación con la sede capitalina de la Universidad Iberoamericana (UIA), como fundador del Departamento de Arquitectura y Urbanismo y autor del desaparecido conjunto de edificios del campus en la colonia Campestre Churubusco (1961-1963). Reconocido con el Premio Nacional de Arquitectura en 1984 y ocho años más tarde con el Premio Anual de la Academia Mexicana de Arquitectos, Alvarez García murió en 1995 en la ciudad de México. 
546 |a Edición bilingüe español-inglés 
649 |a XX 
650 |a Arquitectos Mexicanos 
650 |a Artistas Mexicanos 
650 |a Museos y Galerías -  |z México -  |x Exposiciones 
650 |a Dibujo Arquitectónico -  |z México -  |x Exposiciones -  |x Catálogos -  |x Tema Principal 
650 |a Arquitectura Universalista -  |z México -  |x Exposiciones -  |x Catálogos 
650 |a Arquitectura Universalista -  |z México -  |x Historia y Crítica 
650 |a Arquitectura Moderna -  |z México -  |x Exposiciones -  |x Catálogos 
650 |a Arquitectura Moderna -  |z México -  |x Historia y Crítica 
650 |a Arquitectura Moderna -  |x Exposiciones -  |x Catálogos 
650 |a Arquitectura Moderna -  |x Historia y Crítica 
650 |a Arquitectura Mexicana -  |x Exposiciones -  |x Catálogos 
650 |a Arquitectura Mexicana -  |x Historia y Crítica 
650 |a Arquitectura Mexicana -  |y Siglo XX 
650 |a Arte Moderno -  |z México -  |x Exposiciones -  |x Catálogos 
650 |a Arte Moderno -  |z México -  |x Historia y Crítica 
650 |a Arte Moderno -  |x Historia y Crítica 
650 |a Arte Mexicano -  |x Exposiciones -  |x Catálogos 
650 |a Arte Mexicano -  |x Historia y Crítica 
650 |a Arte Mexicano -  |y Siglo XX 
650 |a Alvarez, Augusto H. -  |x Tema Principal 
710 |a UNAM.  |b Facultad de Arquitectura 
700 |a Cruz González Franco, Lourdes  |e (curaduría y texto) 
700 |a Aguilera González, Alejandro  |e (curaduría y texto) 
700 |a Ayllón Ortiz, José Alejandro  |e (edición) 
700 |a Aguilar-Dubose, Carolyn  |e (presentación) 
700 |a Mazari Hiriart, Marcos  |e (presentación) 
700 |a Alvarez Fuentes, Augusto F.  |e (prólogo) 
910 |a Fondo General 
920 |a Impresos - Libros 
930 |a Libros Antiguos y Raros 
905 |a 108 
901 |a 0500231195  |b IT2  |c LRA  |i C140292  |u 20250526 
902 |a https://opac.biblio.iteso.mx/vufind/Record/000341358